[Event "Mittelrhein Verbandsliga-M 1112"]
[Site "Germany"]
[Date "2012.01.15"]
[Round "5.3"]
[White "Hogenacker, Jacques"]
[Black "Kohlhas, Christopher"]
[Result "1-0"]
[WhiteElo "2166"]
[BlackElo "1833"]
[PlyCount "109"]
[EventDate "2011.09.18"]
[EventType "team-tourn"]
[EventRounds "11"]
[EventCountry "GER"]
[SourceTitle "EXT 2013"]
[Source "ChessBase"]
[SourceDate "2012.11.22"]
[SourceVersion "1"]
[SourceVersionDate "2012.11.22"]
[SourceQuality "1"]
[WhiteTeam "Rheinpark BSG"]
[BlackTeam "Rheinbacher SF II"]
[WhiteTeamCountry "GER"]
[BlackTeamCountry "GER"]

1. e4 e5 2. Nf3 Nf6 3. Nc3 Nc6 4. Bc4 Nxe4 5. Nxe4 d5 6. Bb5 dxe4 7. Nxe5 Qg5 8. d4 Qxg2 9. Rf1 a6 10. Bxc6+ bxc6 11. Qh5 Be6 12. Be3 g6 13. Qh4 Be7 14. Qf4 g5 15. Qg3 Qxg3 16. fxg3 Rb8 17. Nxc6 Rxb2 18. Nxe7 Kxe7 19. Bxg5+ Kd6 20. d5 Bxd5 21. Bf6 Rbb8 22. Bxh8 Rxh8 23. Rf6+ Be6 24. Kd2 Rd8 25. Kc3 Ke5 26. Rh6 e3 27. Re1 Ke4 28. Rh4+ Kf3 29. Rf4+ Kg2 30. Re2+ Kg1 31. Rd4 Rxd4 32. Kxd4 Bxa2 33. c4 Bb1 34. Kxe3 Bf5 35. h4 Be6 36. Kd4 Kf1 37. Ra2 Bc8 38. c5 Bb7 39. Ke5 Bc8 40. Kf6 Bb7 41. h5 Bf3 42. h6 Be2 43. Kg7 Bd3 44. c6 f5 45. Kf6 Bb5 46. Kxf5 Bxc6 47. Rxa6 Bb5 48. Ra3 Ke2 49. Rc3 c6 50. Ke5 Ba4 51. g4 Kd2 52. Kd4 Ke2 53. g5 c5+ 54. Rxc5 Bd7 55. g6 1-0

[Event "Mittelrhein Verbandsliga-M 1112"]
[Site "Germany"]
[Date "2011.09.18"]
[Round "1.3"]
[White "Mass, Elvira"]
[Black "Hogenacker, Jacques"]
[Result "0-1"]
[WhiteElo "1960"]
[BlackElo "2166"]
[PlyCount "54"]
[EventDate "2011.09.18"]
[EventType "team-tourn"]
[EventRounds "11"]
[EventCountry "GER"]
[SourceTitle "EXT 2013"]
[Source "ChessBase"]
[SourceDate "2012.11.22"]
[SourceVersion "1"]
[SourceVersionDate "2012.11.22"]
[SourceQuality "1"]
[WhiteTeam "Godesberg V"]
[BlackTeam "Rheinpark BSG"]
[WhiteTeamCountry "GER"]
[BlackTeamCountry "GER"]

1. Nf3 g6 2. g3 Bg7 3. Bg2 b6 4. 0-0 Bb7 5. d3 e6 6. Nbd2 Ne7 7. e4 d5 8. e5 c5 9. c3 Nbc6 10. d4 cxd4 11. cxd4 Nf5 12. Nb1 0-0 13. g4 Nh4 14. Nxh4 Qxh4 15. Bf4 f5 16. f3 fxg4 17. fxg4 Rxf4 18. Rxf4 Bh6 19. Rf3 Nxd4 20. Qxd4 Qe1+ 21. Bf1 Rc8 22. Qf2 Qc1 23. Rd3 d4 24. Nc3 Qxa1 25. Rxd4 Rf8 26. Qe2 Rxf1+ 27. Qxf1 Be3# 0-1

[Event "NRW Class1 0708"]
[Site "Germany"]
[Date "2007.11.04"]
[Round "3.1"]
[White "Hogenacker, Jacques"]
[Black "Essing, Arnold"]
[Result "1/2-1/2"]
[WhiteElo "2285"]
[BlackElo "2261"]
[PlyCount "63"]
[EventDate "2007.09.16"]
[EventType "team"]
[EventRounds "9"]
[EventCountry "GER"]
[SourceTitle "EXT 2009"]
[Source "ChessBase"]
[SourceDate "2008.11.26"]
[SourceVersion "1"]
[SourceVersionDate "2008.11.26"]
[SourceQuality "1"]
[WhiteTeam "Rheinpark BSG"]
[BlackTeam "Neuenkirchen"]
[WhiteTeamCountry "GER"]
[BlackTeamCountry "GER"]

1. e4 Nf6 2. d3 e5 3. Nf3 Nc6 4. Be2 d5 5. Nbd2 g6 6. 0-0 Bg7 7. c3 0-0 8. b4 a6 9. Re1 h6 10. a3 dxe4 11. dxe4 Be6 12. Qc2 Nd7 13. Bc4 Bxc4 14. Nxc4 f5 15. Ne3 f4 16. Nd5 Ne7 17. Bb2 c6 18. Nxe7+ Qxe7 19. c4 g5 20. Rad1 Rad8 21. c5 Kh7 22. Rd6 g4 23. Nd2 Nf6 24. Rxd8 Rxd8 25. Nc4 Nh5 26. Rd1 g3 27. Rxd8 Qxd8 28. Bxe5 Bxe5 29. Nxe5 Qd4 30. Nd3 Qxe4 31. hxg3 fxg3 32. Ne1 1/2-1/2

[Event "NRW Class1 0607"]
[Site "Germany"]
[Date "2006.09.17"]
[Round "1.2"]
[White "Hogenacker, Jacques"]
[Black "Kniest, Oliver"]
[Result "0-1"]
[WhiteElo "2285"]
[BlackElo "2262"]
[PlyCount "78"]
[EventDate "2006.09.17"]
[EventType "team-tourn"]
[EventRounds "9"]
[EventCountry "GER"]
[SourceTitle "EXT 2007"]
[Source "ChessBase"]
[SourceDate "2006.11.23"]
[SourceVersion "1"]
[SourceVersionDate "2006.11.23"]
[SourceQuality "1"]
[WhiteTeam "Gerling"]
[BlackTeam "Solingen III"]
[WhiteTeamCountry "GER"]
[BlackTeamCountry "GER"]

1. e4 e5 2. Nf3 d6 3. d4 exd4 4. Nxd4 Nf6 5. Nc3 Be7 6. g3 d5 7. e5 Ng4 8. e6 Nf6 9. exf7+ Kxf7 10. Bg2 Re8 11. 0-0 c6 12. Re1 Na6 13. Bg5 Bg4 14. Nf3 Kg8 15. h3 Bd7 16. Ne5 h6 17. Bf4 Bf5 18. Nd3 Nb4 19. a3 Nxd3 20. cxd3 Qd7 21. g4 Bg6 22. Be5 d4 23. Ne2 Bb4 24. Qb3+ Bf7 25. Qxb4 Rxe5 26. Nxd4 c5 27. Qxb7 Rxe1+ 28. Rxe1 Qxb7 29. Bxb7 Rb8 30. Bc6 cxd4 31. b4 Kf8 32. Re5 Rc8 33. b5 Bg6 34. Re6 Rd8 35. a4 Bxd3 36. a5 Bc4 37. Re1 d3 38. b6 axb6 39. axb6 d2 0-1

[Event "BL2-West 0405"]
[Site "Germany"]
[Date "2005.04.10"]
[Round "9.7"]
[White "Hogenacker, Jacques"]
[Black "Swinkels, Robin"]
[Result "1/2-1/2"]
[WhiteElo "2280"]
[BlackElo "2231"]
[PlyCount "60"]
[EventDate "2004.10.13"]
[EventType "team-tourn"]
[EventRounds "9"]
[EventCountry "GER"]
[SourceTitle "EXT 2006"]
[Source "ChessBase"]
[SourceDate "2005.11.24"]
[SourceVersion "1"]
[SourceVersionDate "2005.11.24"]
[SourceQuality "1"]
[WhiteTeam "Koeln SF"]
[BlackTeam "Bergheim"]
[WhiteTeamCountry "GER"]
[BlackTeamCountry "GER"]

1. e4 e5 2. Nf3 Nc6 3. Bb5 a6 4. Bxc6 dxc6 5. d4 exd4 6. Qxd4 Qxd4 7. Nxd4 c5 8. Ne2 Bd7 9. Nbc3 0-0-0 10. Be3 b6 11. 0-0-0 Ne7 12. Nf4 Ng6 13. Nfd5 Bc6 14. f4 f6 15. f5 Ne5 16. Nf4 Rxd1+ 17. Rxd1 g5 18. Nfd5 Nd7 19. h4 gxh4 20. Rh1 Rg8 21. Rxh4 Rxg2 22. Bf4 Bd6 23. Bxd6 cxd6 24. Rxh7 Bxd5 25. Nxd5 Rg8 26. Kd2 Rg2+ 27. Kd1 Rg1+ 28. Kd2 Rg2+ 29. Kd1 Rg1+ 30. Kd2 Rg2+ 1/2-1/2

[Event "BL2-West 0405"]
[Site "Germany"]
[Date "2004.11.28"]
[Round "3.7"]
[White "Langheinrich, Ferenc"]
[Black "Hogenacker, Jacques"]
[Result "1-0"]
[WhiteElo "2395"]
[BlackElo "2280"]
[PlyCount "53"]
[EventDate "2004.10.13"]
[EventType "team-tourn"]
[EventRounds "9"]
[EventCountry "GER"]
[SourceTitle "EXT 2006"]
[Source "ChessBase"]
[SourceDate "2005.11.24"]
[SourceVersion "1"]
[SourceVersionDate "2005.11.24"]
[SourceQuality "1"]
[WhiteTeam "Godesberg"]
[BlackTeam "Koeln SF"]
[WhiteTeamCountry "GER"]
[BlackTeamCountry "GER"]

1. e4 e5 2. Nf3 Nc6 3. Bb5 Nd4 4. Nxd4 exd4 5. 0-0 g6 6. c3 Bg7 7. cxd4 Bxd4 8. d3 c6 9. Bc4 Ne7 10. Bh6 d5 11. exd5 cxd5 12. Bb5+ Bd7 13. Nc3 a6 14. Bxd7+ Qxd7 15. Rc1 Rc8 16. Re1 Rc6 17. Qa4 Bf6 18. Qf4 Kd8 19. Qb4 g5 20. Na4 b5 21. Nc5 Qc8 22. Nb3 Re8 23. Rxc6 Qxc6 24. Qa5+ Kd7 25. Rc1 Qa8 26. Nc5+ Kd6 27. Qb6+ 1-0

[Event "Oberliga NRW 0203 I"]
[Site "Germany"]
[Date "2003.03.23"]
[Round "7.6"]
[White "Hogenacker, Jacques"]
[Black "Kramm, Olaf"]
[Result "0-1"]
[WhiteElo "2298"]
[BlackElo "1999"]
[PlyCount "88"]
[EventDate "2002.10.06"]
[EventType "team"]
[EventRounds "9"]
[EventCountry "GER"]
[SourceTitle "EXT 2004"]
[Source "ChessBase"]
[SourceDate "2003.11.25"]
[SourceVersion "1"]
[SourceVersionDate "2003.11.25"]
[SourceQuality "1"]
[WhiteTeam "Koeln KKS"]
[BlackTeam "Wiehl"]
[WhiteTeamCountry "GER"]
[BlackTeamCountry "GER"]

1. e4 g6 2. d4 Bg7 3. f4 c6 4. Nf3 d5 5. e5 h5 6. Be3 Bg4 7. h3 Bxf3 8. Qxf3 e6 9. c4 h4 10. Nc3 a6 11. a4 Nd7 12. cxd5 cxd5 13. Bd3 Ne7 14. 0-0 Rc8 15. Qg4 Kf8 16. Rfc1 Nf5 17. Bf2 Nb8 18. Qd1 Bh6 19. Ne2 Nc6 20. Qb3 Qe7 21. Rc5 Kg7 22. Rac1 Ng3 23. Bxg3 hxg3 24. R5c3 Qh4 25. Rf1 Rc7 26. Qb6 Rhc8 27. Bb1 Kh8 28. Rxg3 Bf8 29. Rg4 Qh5 30. Qb3 Be7 31. Qg3 b5 32. axb5 axb5 33. Kh2 f5 34. exf6 Bxf6 35. Bxg6 Qh6 36. f5 e5 37. Kh1 e4 38. Nf4 Nxd4 39. Nxd5 Ne2 40. Qd6 Rc6 41. Qd7 Rc1 42. Nxf6 Rxf1+ 43. Kh2 Rh1+ 44. Kxh1 Qc1+ 0-1

[Event "Oberliga NRW 0203 I"]
[Site "Germany"]
[Date "2003.01.19"]
[Round "5.6"]
[White "Hogenacker, Jacques"]
[Black "Jacob, Gunnar"]
[Result "1-0"]
[WhiteElo "2298"]
[BlackElo "2226"]
[PlyCount "107"]
[EventDate "2002.10.06"]
[EventType "team"]
[EventRounds "9"]
[EventCountry "GER"]
[SourceTitle "EXT 2004"]
[Source "ChessBase"]
[SourceDate "2003.11.25"]
[SourceVersion "1"]
[SourceVersionDate "2003.11.25"]
[SourceQuality "1"]
[WhiteTeam "Koeln KKS"]
[BlackTeam "Muenster"]
[WhiteTeamCountry "GER"]
[BlackTeamCountry "GER"]

1. e4 c5 2. Nf3 d6 3. d4 cxd4 4. Nxd4 Nf6 5. Nc3 a6 6. g3 e5 7. Nde2 Be6 8. Bg2 Be7 9. h3 h5 10. Bg5 Nbd7 11. 0-0 Rc8 12. Qd2 Qc7 13. Rac1 b5 14. b3 Qb7 15. Kh1 b4 16. Nd5 Nxd5 17. exd5 Bxg5 18. f4 Bxh3 19. Bxh3 Bf6 20. c4 bxc3 21. Nxc3 0-0 22. Ne4 Be7 23. Bxd7 Qxd7 24. f5 Rxc1 25. Qxc1 Rc8 26. Qd2 Qc7 27. f6 Bxf6 28. Nxf6+ gxf6 29. Rxf6 Qc1+ 30. Qxc1 Rxc1+ 31. Kg2 e4 32. Kf2 Rc2+ 33. Ke3 Rxa2 34. Kxe4 Rg2 35. Rxd6 Rxg3 36. Rxa6 Rxb3 37. d6 Rb8 38. Kd5 Kf8 39. Kc6 Ke8 40. d7+ Ke7 41. Ra1 Rd8 42. Re1+ Kf6 43. Re8 Rxd7 44. Kxd7 h4 45. Kd6 Kf5 46. Kd5 Kf4 47. Rh8 Kg3 48. Ke4 h3 49. Ke3 Kg2 50. Ke2 h2 51. Rg8+ Kh3 52. Kf2 h1N+ 53. Kf3 Kh2 54. Rg2+ 1-0

[Event "Oberliga NRW 0001 II"]
[Site "NRW"]
[Date "2001.01.14"]
[Round "5.4"]
[White "Hogenacker, Jacques"]
[Black "Klug, Wolfgang"]
[Result "1-0"]
[WhiteElo "2340"]
[BlackElo "1912"]
[PlyCount "59"]
[EventDate "2000.09.24"]
[EventType "team"]
[EventRounds "9"]
[EventCountry "GER"]
[SourceTitle "EXT 2006"]
[Source "ChessBase"]
[SourceDate "2005.11.24"]
[SourceVersion "1"]
[SourceVersionDate "2005.11.24"]
[SourceQuality "1"]
[WhiteTeam "Koeln SF"]
[BlackTeam "Schwerte"]
[WhiteTeamCountry "GER"]
[BlackTeamCountry "GER"]

1. e4 Nf6 2. e5 Nd5 3. c4 Nb6 4. d4 d6 5. exd6 cxd6 6. d5 e5 7. Nc3 Be7 8. Bd3 f5 9. b3 0-0 10. Nge2 N8d7 11. f4 e4 12. Bc2 Re8 13. 0-0 Nf8 14. Be3 Bd7 15. Qd2 Rc8 16. a4 Ra8 17. a5 Nc8 18. b4 b6 19. axb6 Nxb6 20. Bb3 Kh8 21. c5 Bf6 22. cxb6 axb6 23. Nd4 Qc7 24. Rxa8 Rxa8 25. Rc1 Qa7 26. Nc6 Qa3 27. Qc2 Bxc6 28. dxc6 Qxb4 29. Nd5 Qa5 30. Nxb6 1-0

[Event "Cologne-ch 49th"]
[Site "Cologne"]
[Date "2000.11.04"]
[Round "6"]
[White "Wieferig, Wolfgang"]
[Black "Hogenacker, Jacques"]
[Result "1-0"]
[WhiteElo "2210"]
[BlackElo "2327"]
[PlyCount "83"]
[EventDate "2000.07.10"]
[EventType "swiss"]
[EventRounds "9"]
[EventCountry "GER"]
[SourceTitle "EXT 2002"]
[Source "ChessBase"]
[SourceDate "2001.11.25"]
[SourceVersion "1"]
[SourceVersionDate "2001.11.25"]
[SourceQuality "1"]

1. e4 c5 2. Nf3 d6 3. d4 cxd4 4. Nxd4 Nf6 5. Nc3 Nc6 6. Be2 e5 7. Nb3 h6 8. Be3 a5 9. a3 Be6 10. Nd5 Bxd5 11. exd5 Nb8 12. c4 Nbd7 13. Nd2 a4 14. 0-0 Be7 15. b4 axb3 16. Qxb3 b6 17. Rfb1 Rb8 18. Qc2 0-0 19. Rb5 Ra8 20. Nf1 Qc7 21. Ng3 Rfb8 22. Nf5 Bf8 23. Qb3 Kh7 24. f4 g6 25. fxe5 dxe5 26. d6 Qc6 27. Ng3 Kg7 28. Rd1 Ra7 29. c5 Rba8 30. Qb2 Kg8 31. cxb6 Rxa3 32. b7 R8a4 33. Bxh6 Ra2 34. Qxa2 Rxa2 35. b8Q Nxb8 36. Rxb8 Ra8 37. Rxa8 Qxa8 38. Bxf8 Kxf8 39. Bb5 Qa7+ 40. Kh1 Nd7 41. Ne4 f5 42. Bxd7 1-0

[Event "Cologne-ch 49th"]
[Site "Cologne"]
[Date "2000.10.21"]
[Round "3"]
[White "Hogenacker, Jacques"]
[Black "Marcks, Martin"]
[Result "1-0"]
[WhiteElo "2327"]
[BlackElo "2257"]
[PlyCount "117"]
[EventDate "2000.07.10"]
[EventType "swiss"]
[EventRounds "9"]
[EventCountry "GER"]
[SourceTitle "EXT 2002"]
[Source "ChessBase"]
[SourceDate "2001.11.25"]
[SourceVersion "1"]
[SourceVersionDate "2001.11.25"]
[SourceQuality "1"]

1. e4 c5 2. Nf3 d6 3. d4 cxd4 4. Nxd4 Nf6 5. Nc3 a6 6. Be2 e5 7. Nb3 Be6 8. f4 Qc7 9. g4 exf4 10. g5 Nfd7 11. Bxf4 Nc6 12. Qd2 Nce5 13. 0-0-0 0-0-0 14. Nd5 Bxd5 15. exd5 g6 16. h4 Kb8 17. Rh3 Rc8 18. Nd4 Bg7 19. Rc3 Qd8 20. Rb3 Nc5 21. Ra3 Ncd7 22. Rh1 Nb6 23. Rb3 Nec4 24. Bxc4 Rxc4 25. Ne2 Re8 26. Be3 Na4 27. Nd4 Rxe3 28. Nc6+ Rxc6 29. dxc6 Rxb3 30. axb3 Nc5 31. cxb7 Qb6 32. Rf1 Nxb7 33. Kb1 Nd8 34. Rf4 Ka7 35. Rb4 Qc5 36. Rc4 Qb6 37. Qd5 Be5 38. Rc8 Nb7 39. Qxf7 Qa5 40. c3 Qb5 41. Qf2+ Nc5 42. b4 Qd3+ 43. Qc2 Qf1+ 44. Ka2 Kb7 45. Rxc5 dxc5 46. Qe4+ Ka7 47. Qxe5 Qf7+ 48. Ka3 c4 49. Qf6 Qc7 50. Qd4+ Kb7 51. Qd5+ Kb8 52. Qc5 Qf4 53. Qb6+ Kc8 54. Qxa6+ Kc7 55. Qa7+ Kc8 56. Qd4 Qf7 57. b5 Qe7+ 58. Ka4 Qe2 59. Ka5 1-0

[Event "Oberliga NRW 9900 II"]
[Site "Germany"]
[Date "2000.04.21"]
[Round "8.4"]
[White "Kern, Guido"]
[Black "Hogenacker, Jacques"]
[Result "1-0"]
[WhiteElo "2395"]
[BlackElo "2305"]
[PlyCount "95"]
[EventDate "1999.10.26"]
[EventType "team"]
[EventRounds "9"]
[EventCountry "GER"]
[SourceTitle "EXT 2001"]
[Source "ChessBase"]
[SourceDate "2000.11.22"]
[SourceVersion "1"]
[SourceVersionDate "2000.11.22"]
[SourceQuality "1"]
[WhiteTeam "Muelheim Nord"]
[BlackTeam "Koeln KKS"]
[WhiteTeamCountry "GER"]
[BlackTeamCountry "GER"]

1. c4 c6 2. Nf3 d5 3. e3 Nf6 4. d4 Bg4 5. Qb3 Qb6 6. Nc3 Nbd7 7. cxd5 Nxd5 8. Nxd5 Qxb3 9. axb3 cxd5 10. Bd2 e6 11. Ne5 Nxe5 12. dxe5 Bc5 13. Rc1 Bb6 14. Bb5+ Ke7 15. f3 Bh5 16. Bb4+ Kd8 17. Ke2 f5 18. exf6 gxf6 19. e4 Be8 20. Bd3 Bc6 21. exd5 exd5 22. Rhe1 Re8+ 23. Kd2 a5 24. Rxe8+ Bxe8 25. Bc5 Bxc5 26. Rxc5 Bc6 27. Bxh7 Kc7 28. Bd3 Kd6 29. Rc1 Rh8 30. Rh1 Ke5 31. h4 Kf4 32. h5 Be8 33. Re1 Kg3 34. h6 Kf4 35. Re6 f5 36. Rf6 Bd7 37. Rd6 Bc8 38. Kc3 Ke5 39. Rg6 Bd7 40. Rg7 d4+ 41. Kd2 Be6 42. h7 b6 43. Bc4 b5 44. Bxe6 Kxe6 45. Rg6+ Kf7 46. Rh6 Kg7 47. Rh4 Rxh7 48. Rxh7+ 1-0

[Event "Oberliga NRW 9900 II"]
[Site "Germany"]
[Date "2000.01.19"]
[Round "4.3"]
[White "Hogenacker, Jacques"]
[Black "Emunds, Hans Georg"]
[Result "1-0"]
[WhiteElo "2305"]
[BlackElo "2185"]
[PlyCount "87"]
[EventDate "1999.10.26"]
[EventType "team"]
[EventRounds "9"]
[EventCountry "GER"]
[SourceTitle "EXT 2001"]
[Source "ChessBase"]
[SourceDate "2000.11.22"]
[SourceVersion "1"]
[SourceVersionDate "2000.11.22"]
[SourceQuality "1"]
[WhiteTeam "Koeln KKS"]
[BlackTeam "Muenster II"]
[WhiteTeamCountry "GER"]
[BlackTeamCountry "GER"]

1. e4 c5 2. Nf3 Nc6 3. d4 cxd4 4. Nxd4 g6 5. Nc3 Bg7 6. Nb3 Nf6 7. Be2 0-0 8. 0-0 d6 9. f4 b5 10. Bf3 Bb7 11. Be3 b4 12. Ne2 Na5 13. Qd3 Nd7 14. Qb5 Nxb3 15. cxb3 Nb6 16. Qxb4 Bxb2 17. Rad1 Qc7 18. Rd2 Bf6 19. Rc1 Qb8 20. Nd4 Rc8 21. Rdc2 Rxc2 22. Rxc2 Nd7 23. Nc6 Bxc6 24. Qxb8+ Nxb8 25. e5 dxe5 26. fxe5 Bxf3 27. Rc8+ Kg7 28. exf6+ Kxf6 29. gxf3 e5 30. a4 Ke6 31. Bxa7 Rxa7 32. Rxb8 Kd5 33. Rb5+ Kd4 34. a5 f5 35. b4 e4 36. fxe4 fxe4 37. Rb6 e3 38. a6 Rc7 39. b5 Rc1+ 40. Kg2 e2 41. Re6 Ra1 42. Rxe2 Kc5 43. Re5+ Kd6 44. Re8 1-0

[Event "Oberliga NRW 9899 II"]
[Site "Germany"]
[Date "1999.05.06"]
[Round "9.4"]
[White "Sukharisingh, Ralf"]
[Black "Hogenacker, Jacques"]
[Result "1-0"]
[WhiteElo "2340"]
[BlackElo "2295"]
[PlyCount "144"]
[EventDate "1998.10.10"]
[EventType "team"]
[EventRounds "9"]
[EventCountry "GER"]
[SourceTitle "EXT 2000"]
[Source "ChessBase"]
[SourceDate "1999.11.16"]
[SourceVersion "1"]
[SourceVersionDate "1999.11.16"]
[SourceQuality "1"]
[WhiteTeam "Wuppertal"]
[BlackTeam "Koeln KKS"]
[WhiteTeamCountry "GER"]
[BlackTeamCountry "GER"]

1. Nf3 d6 2. d4 Nd7 3. e4 Ngf6 4. e5 Nd5 5. c4 Nb4 6. Nc3 dxe5 7. dxe5 Nc5 8. Nd5 Nxd5 9. cxd5 e6 10. Bc4 exd5 11. Bxd5 Be6 12. Bxe6 Qxd1+ 13. Kxd1 Nxe6 14. Be3 0-0-0+ 15. Ke2 Be7 16. Rhd1 h5 17. Nd4 Nxd4+ 18. Rxd4 Rxd4 19. Bxd4 Rd8 20. Ke3 c5 21. Bc3 Kc7 22. a4 Kc6 23. Ke4 a6 24. a5 c4 25. f4 Rd3 26. Rf1 Bc5 27. Rf3 Rd1 28. f5 h4 29. Rf4 Rd3 30. Rg4 Re3+ 31. Kf4 Kd5 32. Rxg7 Bd4 33. Bxd4 Re4+ 34. Kg5 Kxd4 35. Rxf7 Rxe5 36. Rxb7 h3 37. gxh3 Ke4 38. Rf7 Rb5 39. Re7+ Kd3 40. Rd7+ Ke3 41. Kg6 Rxb2 42. f6 Rg2+ 43. Kh7 c3 44. f7 Rf2 45. Rc7 Kd2 46. Kg7 Rg2+ 47. Kf6 Rf2+ 48. Ke7 Re2+ 49. Kd8 Rf2 50. Rd7+ Ke1 51. Ke8 c2 52. Rc7 Re2+ 53. Kd8 Rd2+ 54. Ke7 Re2+ 55. Kf6 Rf2+ 56. Kg7 Rg2+ 57. Kh8 Rf2 58. Rxc2 Rxf7 59. Rc6 Rf3 60. Rxa6 Rxh3+ 61. Kg7 Rxh2 62. Rh6 Rg2+ 63. Rg6 Ra2 64. a6 Kf2 65. Kf7 Ke3 66. Ke7 Kd4 67. Kd7 Kc5 68. Kc7 Kb5 69. Kb7 Kc5 70. Rc6+ Kd5 71. Rb6 Kc5 72. a7 Ra3 1-0

[Event "Oberliga NRW 9899 II"]
[Site "Germany"]
[Date "1999.??.??"]
[Round "6.3"]
[White "Hogenacker, Jacques"]
[Black "Kurr, Gerd"]
[Result "1-0"]
[WhiteElo "2295"]
[BlackElo "2235"]
[PlyCount "161"]
[EventDate "1998.10.10"]
[EventType "team"]
[EventRounds "9"]
[EventCountry "GER"]
[SourceTitle "EXT 2000"]
[Source "ChessBase"]
[SourceDate "1999.11.16"]
[SourceVersion "1"]
[SourceVersionDate "1999.11.16"]
[SourceQuality "1"]
[WhiteTeam "Koeln KKS"]
[BlackTeam "Elberfeld"]
[WhiteTeamCountry "GER"]
[BlackTeamCountry "GER"]

1. e4 c5 2. Nf3 Nc6 3. d4 cxd4 4. Nxd4 Nf6 5. Nc3 d6 6. Be2 e6 7. 0-0 Be7 8. Kh1 0-0 9. f4 Qc7 10. Nb3 a6 11. g4 b5 12. g5 Nd7 13. Rf3 b4 14. Na4 Bb7 15. Bd3 f5 16. Rh3 g6 17. Qe1 Rf7 18. Kg1 fxe4 19. Bxe4 Nd8 20. Nd4 Nf8 21. b3 Rc8 22. c4 bxc3 23. Rxc3 Qb8 24. Rxc8 Qxc8 25. Bxb7 Qxb7 26. Qe3 Nc6 27. Nxc6 Qxc6 28. Bb2 e5 29. Rc1 Qd7 30. fxe5 Rf5 31. h4 dxe5 32. Nb6 Qd6 33. Rc4 Bd8 34. Na4 Qd5 35. Nc3 Qb7 36. Na4 Nd7 37. Re4 Qb5 38. Qe2 Qd5 39. Qc4 Qxc4 40. Rxc4 Nb6 41. Rc6 Nxa4 42. bxa4 Be7 43. Kg2 e4 44. Rxa6 Bc5 45. Rc6 Rf2+ 46. Kg3 Rf3+ 47. Kg4 Bg1 48. Re6 Rf2 49. Bd4 Rxa2 50. Bxg1 Rg2+ 51. Kf4 Rxg1 52. Rxe4 h6 53. Rc4 hxg5+ 54. hxg5 Rf1+ 55. Ke3 Rf5 56. Rg4 Ra5 57. Kd3 Kf7 58. Kc3 Ke6 59. Kb4 Ra8 60. a5 Kf5 61. Rg1 Rb8+ 62. Kc5 Rb2 63. a6 Ra2 64. Kb6 Rb2+ 65. Kc6 Rc2+ 66. Kb7 Rb2+ 67. Ka8 Ra2 68. a7 Rb2 69. Rf1+ Kxg5 70. Rf8 Kh4 71. Rb8 Ra2 72. Kb7 g5 73. a8R Rxa8 74. Rxa8 g4 75. Kc6 Kg3 76. Kd5 Kf3 77. Ke5 g3 78. Ra3+ Kg4 79. Ke4 g2 80. Ra1 Kg3 81. Ke3 1-0

[Event "Cologne op 47th"]
[Site "Cologne"]
[Date "1998.11.20"]
[Round "8"]
[White "Hogenacker, Jacques"]
[Black "Sprenger, Jan Michael"]
[Result "1-0"]
[WhiteElo "2305"]
[BlackElo "2090"]
[PlyCount "45"]
[EventDate "1998.11.??"]
[EventType "swiss"]
[EventRounds "9"]
[EventCountry "GER"]
[SourceTitle "EXT 2000"]
[Source "ChessBase"]
[SourceDate "1999.11.16"]
[SourceVersion "1"]
[SourceVersionDate "1999.11.16"]
[SourceQuality "1"]

1. c4 Nf6 2. Nc3 g6 3. e4 d6 4. d4 Bg7 5. f4 0-0 6. Nf3 c5 7. d5 e6 8. dxe6 fxe6 9. Bd3 Nc6 10. 0-0 Nd4 11. Nxd4 cxd4 12. Ne2 e5 13. h3 Re8 14. Ng3 h5 15. Qf3 Qb6 16. f5 h4 17. Bg5 hxg3 18. Bxf6 Bxf6 19. fxg6 Rf8 20. c5 Qc7 21. cxd6 Qd7 22. Qh5 b5 23. Bxb5 1-0

[Event "Cologne op 47th"]
[Site "Cologne"]
[Date "1998.11.19"]
[Round "7"]
[White "Haag, Martin"]
[Black "Hogenacker, Jacques"]
[Result "1/2-1/2"]
[WhiteElo "2290"]
[BlackElo "2305"]
[PlyCount "55"]
[EventDate "1998.11.??"]
[EventType "swiss"]
[EventRounds "9"]
[EventCountry "GER"]
[SourceTitle "EXT 2000"]
[Source "ChessBase"]
[SourceDate "1999.11.16"]
[SourceVersion "1"]
[SourceVersionDate "1999.11.16"]
[SourceQuality "1"]

1. c4 c6 2. d4 d5 3. cxd5 cxd5 4. Nf3 Nf6 5. Nc3 Nc6 6. Bf4 e6 7. e3 a6 8. Bd3 Bd6 9. Rc1 0-0 10. Bb1 Re8 11. 0-0 Bxf4 12. exf4 Qd6 13. Ne5 Re7 14. Re1 Rc7 15. Qd2 Bd7 16. Re3 Ne7 17. Rce1 Rd8 18. g3 Bc8 19. Rc1 b6 20. f3 Ne8 21. Ne2 Rxc1+ 22. Nxc1 f6 23. Ng4 Bd7 24. Rc3 g6 25. Bd3 a5 26. Ne2 Kf7 27. a3 Rc8 28. Rxc8 1/2-1/2

[Event "Cologne op 47th"]
[Site "Cologne"]
[Date "1998.11.14"]
[Round "2"]
[White "Hogenacker, Jacques"]
[Black "Boutko, Dimitri"]
[Result "1-0"]
[WhiteElo "2305"]
[BlackElo "2140"]
[PlyCount "51"]
[EventDate "1998.11.??"]
[EventType "swiss"]
[EventRounds "9"]
[EventCountry "GER"]
[SourceTitle "EXT 2000"]
[Source "ChessBase"]
[SourceDate "1999.11.16"]
[SourceVersion "1"]
[SourceVersionDate "1999.11.16"]
[SourceQuality "1"]

1. Nf3 Nf6 2. g3 g6 3. Bg2 Bg7 4. 0-0 0-0 5. d3 d6 6. e4 e5 7. Nc3 h6 8. Rb1 Be6 9. d4 Bc4 10. Re1 Qe7 11. b3 Be6 12. Ba3 Nfd7 13. Nb5 Na6 14. dxe5 Nxe5 15. Nxe5 Bxe5 16. f4 Qd7 17. fxe5 Qxb5 18. exd6 Qb6+ 19. Kh1 cxd6 20. Qd2 Kg7 21. e5 Bf5 22. exd6 Rfc8 23. Bb2+ Kh7 24. Re7 Be6 25. Qf4 Rf8 26. Qf6 1-0

[Event "Oberliga NRW 9798 II"]
[Site "Germany"]
[Date "1998.??.??"]
[Round "9.3"]
[White "Budczies, Jan"]
[Black "Hogenacker, Jacques"]
[Result "0-1"]
[WhiteElo "2030"]
[BlackElo "2295"]
[PlyCount "54"]
[EventDate "1997.10.??"]
[EventType "team"]
[EventRounds "9"]
[EventCountry "GER"]
[SourceTitle "EXT 1999"]
[Source "ChessBase"]
[SourceDate "1998.11.16"]
[SourceVersion "1"]
[SourceVersionDate "1998.11.16"]
[SourceQuality "1"]
[WhiteTeam "Koeln Porz III"]
[BlackTeam "Koeln KKS"]
[WhiteTeamCountry "GER"]
[BlackTeamCountry "GER"]

1. e4 c5 2. Nf3 d6 3. d4 cxd4 4. Nxd4 Nf6 5. Nc3 a6 6. Bg5 e6 7. f4 Qc7 8. Qf3 b5 9. 0-0-0 Bb7 10. Bxf6 gxf6 11. f5 b4 12. Nce2 e5 13. Nb3 Nd7 14. Ng3 Bh6+ 15. Kb1 Ke7 16. Bd3 a5 17. Nd2 Nb6 18. Ne2 a4 19. g4 Bxd2 20. Rxd2 Nc4 21. Rdd1 b3 22. cxb3 axb3 23. a3 Nxa3+ 24. bxa3 Qc5 25. Kb2 Qxa3+ 26. Kc3 Qa5+ 27. Kxb3 Rhc8 0-1